[Event "Novokuznetsk-ch"]
[Site "Novokuznetsk"]
[Date "2013.11.24"]
[Round "3"]
[White "Turbin, Vladimir"]
[Black "Schedrin, Sergey"]
[Result "1-0"]
[WhiteElo "2059"]
[BlackElo "1915"]
[PlyCount "67"]
[EventDate "2013.11.17"]
[EventType "swiss"]
[EventRounds "9"]
[EventCountry "RUS"]
[SourceTitle "EXT 2015"]
[Source "ChessBase"]
[SourceDate "2014.11.20"]
[SourceVersion "1"]
[SourceVersionDate "2014.11.20"]
[SourceQuality "1"]

1. e4 c5 2. Nf3 d6 3. d4 cxd4 4. c3 Nf6 5. Bc4 Bg4 6. Qb3 e6 7. Qxb7 Nbd7 8. Nxd4 Qc8 9. Qxc8+ Rxc8 10. Ba6 Rb8 11. f3 Bh5 12. b4 Rb6 13. Bd3 Be7 14. Be3 e5 15. Nb5 Rb7 16. Nxa7 0-0 17. Nc6 Bd8 18. a4 Bb6 19. Bxb6 Rxb6 20. Ne7+ Kh8 21. a5 Rbb8 22. Nd2 Rfe8 23. Nc6 Ra8 24. 0-0 d5 25. b5 dxe4 26. Nxe4 Nxe4 27. Bxe4 Nc5 28. b6 Bg6 29. Ra3 Bxe4 30. fxe4 Kg8 31. Rb1 Na6 32. b7 Rab8 33. Nxb8 Rxb8 34. Rb6 1-0

[Event "Novokuznetsk-ch"]
[Site "Novokuznetsk"]
[Date "2013.11.23"]
[Round "2"]
[White "Schedrin, Sergey"]
[Black "Popov, Yury"]
[Result "0-1"]
[WhiteElo "1915"]
[BlackElo "2017"]
[PlyCount "108"]
[EventDate "2013.11.17"]
[EventType "swiss"]
[EventRounds "9"]
[EventCountry "RUS"]
[SourceTitle "EXT 2015"]
[Source "ChessBase"]
[SourceDate "2014.11.20"]
[SourceVersion "1"]
[SourceVersionDate "2014.11.20"]
[SourceQuality "1"]

1. d4 d5 2. c4 c6 3. cxd5 cxd5 4. Nc3 Nc6 5. Nf3 e6 6. Bf4 Qb6 7. Na4 Bb4+ 8. Bd2 Qa5 9. Nc3 Qb6 10. e3 a6 11. Rc1 Nge7 12. Bd3 h6 13. 0-0 Bd6 14. Na4 Qd8 15. Nc3 0-0 16. Qe2 Bd7 17. e4 dxe4 18. Nxe4 Qc7 19. Nxd6 Qxd6 20. Be3 Nb4 21. Bb1 Bb5 22. Qd2 Bxf1 23. Kxf1 Rac8 24. Bxh6 e5 25. Be3 exd4 26. a3 Rxc1+ 27. Qxc1 dxe3 28. axb4 exf2 29. Qc2 g6 30. Kxf2 Qxb4 31. Qe2 Qb6+ 32. Kg3 Nd5 33. Qe5 Nf6 34. Ba2 Re8 35. Qd4 Qxd4 36. Nxd4 Re3+ 37. Nf3 Re2 38. Ng5 Rxb2 39. Bxf7+ Kg7 40. Be6 Nh5+ 41. Kf3 Kf6 42. h4 a5 43. Bd5 a4 44. Ne4+ Kg7 45. Nc3 a3 46. g4 Nf6 47. Bc4 b5 48. Be6 b4 49. Na2 b3 50. Nc1 a2 51. Nxb3 Rxb3+ 52. Bxb3 a1Q 53. g5 Qc3+ 54. Kf4 Nh5+ 0-1

[Event "Novokuznetsk-ch"]
[Site "Novokuznetsk"]
[Date "2013.11.17"]
[Round "1"]
[White "Bogachev, Alexandr"]
[Black "Schedrin, Sergey"]
[Result "0-1"]
[WhiteElo "2063"]
[BlackElo "1915"]
[PlyCount "104"]
[EventDate "2013.11.17"]
[EventType "swiss"]
[EventRounds "9"]
[EventCountry "RUS"]
[SourceTitle "EXT 2015"]
[Source "ChessBase"]
[SourceDate "2014.11.20"]
[SourceVersion "1"]
[SourceVersionDate "2014.11.20"]
[SourceQuality "1"]

1. d4 d5 2. e3 e6 3. Nd2 Nf6 4. Bd3 Be7 5. f4 h5 6. Qe2 c5 7. c3 Nbd7 8. Ngf3 c4 9. Bc2 b5 10. 0-0 Bb7 11. Ne5 g6 12. e4 dxe4 13. Nxe4 Rc8 14. a3 Nxe4 15. Bxe4 Bxe4 16. Qxe4 Nxe5 17. fxe5 Qd5 18. Qf4 0-0 19. Bd2 f5 20. Qh6 Rf7 21. Rf3 Rg7 22. Rg3 Kf7 23. Bg5 Bxg5 24. Qxg5 Qd8 25. Qd2 g5 26. Rd1 f4 27. Rf3 Qd5 28. Qe2 Ke7 29. Rdf1 Rf8 30. R3f2 Rh8 31. Qc2 a5 32. a4 b4 33. cxb4 axb4 34. Qd2 Rb8 35. Rd1 Rf7 36. Qc2 Rf5 37. Qb1 g4 38. g3 fxg3 39. Rxf5 gxh2+ 40. Kxh2 exf5 41. Qxf5 Qf7 42. Qg5+ Kd7 43. Rd2 Rf8 44. e6+ Qxe6 45. Qb5+ Qc6 46. Qxb4 Qd6+ 47. Qxd6+ Kxd6 48. Kg2 Rf3 49. Re2 h4 50. Re4 h3+ 51. Kg1 g3 52. Rh4 g2 0-1